000 00505nam a22001697a 4500
999 _c8682
_d8682
008 201210b ||||| |||| 00| 0 eng d
040 _aBMS College of Architecture
100 _aLodha, Arushi
245 _aSchool of Culinary arts
300 _a37p.
500 _a1BM12AT085
502 _8B,Arch
_NBMS College of Architecture, Visvesvaraya Technological University (VTU)
_aProject report
_d2016
650 _aArts
700 _aRiju C Thomas
_eGuide
700 _aRadhika Kak
_eGuide
942 _2ddc
_cTHE